|
|
|
|
| LEADER |
00680cam a2200181 7i4500 |
| 001 |
0000007206 |
| 005 |
20101216090000.0 |
| 020 |
|
|
|a 9789835401985
|
| 020 |
|
|
|a 9835401985 (pbk.)
|
| 090 |
0 |
0 |
|a DS595.5
|b .S63 1999
|
| 245 |
0 |
0 |
|a Seri Paduka Baginda Yang di-pertuan Agong :
|b raja berperlembagaan
|c penyunting dalaman Abdul Halim Ahmad Tajuddin, Amidah Hamim.
|
| 260 |
|
|
|a Kuala Lumpur:
|b Jabatan Penerangan Malaysia,
|c 1999.
|
| 300 |
|
|
|a 85 p.:
|b col. ill.);
|c 28 cm.
|
| 650 |
0 |
0 |
|a Kings and rulers --
|z Malaysia
|
| 651 |
|
0 |
|a Malaysia --
|x Constitution
|
| 700 |
0 |
|
|a Amidah Hamim
|
| 700 |
0 |
|
|a Abdul Halim Ahmad Tajuddin
|
| 999 |
|
|
|a 0000004967
|b BOK
|c MALAYSIANA
|e Ground Floor, Bestari Jaya
|